Educación Matemática 6: texto para el estudiante
Enregistré dans:
| Auteurs principaux: | , |
|---|---|
| Format: | Livre |
| Langue: | espagnol |
| Publié: |
Santiago
Arrayán
2006
|
| Sujets: | |
| Tags: |
Ajouter un tag
Pas de tags, Soyez le premier à ajouter un tag!
|
MARC
| LEADER | 00000nam a2200000 a 4500 | ||
|---|---|---|---|
| 001 | UCI5606 | ||
| 003 | CL-VaPUC | ||
| 008 | 080404e20060000CL |||||||||||||||||spa|d | ||
| 020 | |a 956240546X | ||
| 082 | 0 | 4 | |a 372.7 |b COR |2 21 |
| 100 | 0 | |a Cortés, Isabel |e author |9 528107 | |
| 700 | 0 | |a Knockaert Heimpell, Lorely |e author |9 528108 | |
| 245 | 1 | 0 | |a Educación Matemática 6: texto para el estudiante |
| 300 | |a 191 p | ||
| 942 | |c BK | ||
| 945 | |d 20080404 00:00:00 |a rbrito | ||
| 260 | |a Santiago |b Arrayán |c 2006 | ||
| 650 | 0 | |a Matemáticas |x Enseñanza |9 875527 | |
| 650 | 0 | |a Matemática |9 260235 | |
| 650 | 0 | |a Educación básica |9 224933 | |
| 650 | 0 | |a Números naturales |9 266064 | |
| 650 | 0 | |a Fracciones |9 316607 | |
| 650 | 7 | |a NUMEROS DECIMALES |2 CL-VaPUC |9 369000 | |
| 650 | 0 | |a Geometría |9 264063 | |
| 583 | |a last modification |c 20171004 12:17:28 |k Rodrigo Vera | ||
| 999 | |c 329346 |d 329344 | ||
| 952 | |0 0 |1 0 |4 0 |6 372_700000000000000_COR_2006 |7 0 |8 A |9 413826 |a BIBEDU |b BIBEDU |d 2019-11-22 |i 4463951 |o 372.7 COR 2006 |p 4463951 |r 2019-11-22 |w 2019-11-22 |y BK |k EDU | ||